|
|
|
|
| LEADER |
00000nab a2200000 a 4500 |
| 001 |
vtls000130051 |
| 003 |
SK-MaSNL |
| 005 |
20260303032851.0 |
| 008 |
111104c1982 xo 0 slo |
| 015 |
|
|
|a SNBRB19rr/mm-uuuuu
|
| 035 |
|
|
|a CL0140157
|
| 040 |
|
|
|a SNKBUCL
|b slo
|c SNKBUCL
|e AACR2
|
| 041 |
0 |
|
|a slo
|
| 044 |
|
|
|a xo
|c SK
|
| 080 |
|
|
|a 796.42
|2 1981
|
| 100 |
1 |
|
|a Krnáč, Ladislav
|4 aut
|9 279480
|
| 245 |
1 |
0 |
|a Čo dokážeme v Aténach?
|b Pred XIII. ME v atletike
|c Ladislav Krnáč
|
| 650 |
0 |
7 |
|a atletika ľahká
|2 snkbucl
|9 899308
|
| 655 |
|
7 |
|a články z novín a časopisov
|2 snkbucl
|9 267496
|
| 773 |
0 |
|
|t Šport
|g Roč. 36, č. 196 (19. 8. 1982), s. 5
|
| 850 |
|
|
|a Slovenská národná knižnica v Martine
|a MTA001
|
| 852 |
|
|
|a SNK
|b KIS3GCP
|
| 958 |
|
|
|a RK
|
| 992 |
|
|
|a RBX
|
| 999 |
|
|
|c 1667331
|d 1669261
|